The first certificate creative writing disc : single user version 1.1
Αποθηκεύτηκε σε:
| Μορφή: | Ηλεκτρονική πηγή |
|---|---|
| Γλώσσα: | English |
| Δημοσίευση: |
Cambridge :
Cambridge University Press,
c1999
|
| Θέματα: | |
| Ετικέτες: |
Προσθήκη ετικέτας
Δεν υπάρχουν, Καταχωρήστε ετικέτα πρώτοι!
|
MARC
| LEADER | 00000nmm a2200000 i 4500 | ||
|---|---|---|---|
| 001 | 1/50019 | ||
| 008 | 140627s1999 uk eng d | ||
| 020 | |a 0-521-62684-6 | ||
| 035 | |l 10118089 | ||
| 040 | |a GR-MY-UA |b gre |e aacr | ||
| 041 | 0 | |a eng | |
| 082 | 0 | |a 428.24 |2 (22) | |
| 245 | 1 | 4 | |a The first certificate creative writing disc : |h [αρχείο Η/Υ] / |b single user version 1.1 |c content written and developed by Steve Chadwick |
| 260 | |a Cambridge : |b Cambridge University Press, |c c1999 | ||
| 300 | |a 1 οπτική δισκέτα λέιζερ Η/Υ; |c 4 3/4 ίν. | ||
| 500 | |a Τίτλος από την επιφάνεια του cdrom | ||
| 538 | |a Απαιτήσεις συστήματος: Για Windows 95: Pentium 166 MHz ; 32 Mb RAM ; eight-speed CD-ROM drive ; machine set to display high colour or true colour ; For windows 3.1: 486/66 MHz ; 16 Mb RAM ; quad-speed CD-ROM drive | ||
| 650 | 0 | 0 | |a English language |x Study and teaching. |
| 700 | 1 | |a Shadwick, Steve. |4 oth | |
| 852 | |a INST |b SYROS |c AV |e 20140627 |h 428.24 FIR |p 005500011501 |q 005500011501 |t CDROM |y 23 | ||
| 901 | |a BIBL5-2008-1 | ||
| 909 | |a Ε |b 186950 | ||
| 920 | |a ΔΙΕΥΡΥΝΣΗ |b ΕΠΕΑΕΚ-ΤΜΣΠΣ |y ΣΥΡΟΣ |z 2004-10 | ||
| 970 | |a ΚΟΝΤΟΥ |b ΠΑΡΑΣΚΕΥΗ |z 2014/06/27 | ||